[Event "Esbjerg Autumn 7th"]
[Site "Esbjerg"]
[Date "2024.10.18"]
[Round "1"]
[White "Jacobsen, Mikkel Manosri"]
[Black "Iversen, Tobias"]
[Result "1-0"]
[WhiteElo "2322"]
[BlackElo "1907"]
[PlyCount "68"]
[EventDate "2024.10.18"]
[EventType "swiss"]
[EventRounds "7"]
[EventCountry "DEN"]
[SourceTitle "CB43_2024"]
[Source "Chessbase"]
[SourceDate "2024.10.23"]
[SourceVersion "1"]
[SourceVersionDate "2024.10.23"]
[SourceQuality "1"]

1. c4 c6 2. g3 d5 3. Nf3 Nf6 4. Bg2 h6 5. 0-0 Bf5 6. Qb3 Qb6 7. d3 e6 8. Be3 Qxb3 9. axb3 a6 10. Bd4 Nbd7 11. Bc3 Be7 12. Nbd2 0-0 13. b4 Bg6 14. Rfd1 Rfd8 15. h3 c5 16. bxc5 Bxc5 17. b4 Bd6 18. Rdb1 b6 19. Ra2 e5 20. Nh4 Bh7 21. Bxd5 Nxd5 22. cxd5 Rdc8 23. Ba1 b5 24. g4 Nb6 25. e4 Na4 26. Kf1 Rc7 27. Ke2 Rac8 28. Kd1 f6 29. Ng2 Kf7 30. Ne3 Bg6 31. Rxa4 bxa4 32. Ndc4 Bf8 33. Bc3 Rb8 34. f3 Rcb7 1-0